|
|
|
|
| LEADER |
00854nam a22002057a 4500 |
| 003 |
GR-PaULI |
| 005 |
20190211110353.0 |
| 007 |
ta |
| 008 |
190211s1963 gr ||||f |||| 00| 0 gre d |
| 999 |
|
|
|c 139584
|d 139584
|
| 040 |
|
|
|a GR-PaULI
|b gre
|c GR-PaULI
|e AACR2
|
| 060 |
|
|
|a WO 18.2
|
| 100 |
1 |
|
|9 39124
|a Κεχαγιάς, Πλάτων
|e συγγραφέας
|
| 245 |
1 |
0 |
|a Μαθήματα χειρουργικής :
|b βοήθημα δια τας πτυχιακάς εξετάσεις των φοιτητών της ιατρικής και οδοντιατρικής /
|c Πλάτωνος Χ. Κεχαγιά.
|
| 250 |
|
|
|a Νέα έκδοσις
|
| 260 |
|
|
|a Αθήναι :
|b Τάκης Γρηγορόπουλος,
|c 1963.
|
| 300 |
|
|
|a 316 σ. ;
|c 25 εκ.
|
| 650 |
|
4 |
|9 33206
|a Χειρουργική
|x Εκπαίδευση
|
| 942 |
|
|
|2 nlm
|c BKN
|
| 998 |
|
|
|c ΜΑΝΙΑΚΗ
|d 2019
|